Алиса в Огледалния свят или През огледалото и какво откри Алиса там (Запис номер 73503)
[ съкратено ]
| 000 -Лидер | |
|---|---|
| Контролно поле с фиксирана дължина | 01906nam a2200385 c 4500 |
| 003 - Код на организацията, давaща контролен номер | |
| Контролно поле | BLK |
| 005 - Дата и час на последна редакция | |
| Контролно поле | 20231220005231.0 |
| 008 - Елементи от данни с фиксирана дължина | |
| fixed length control field | 180408b bul|||||r ||||||| ||bul|| |
| 010 ## - Наследен системен номер | |
| LC control number | KNG00077898000 |
| 020 ## - Международен стандартен номер на книга ISBN | |
| Международен стандартен номер на книга ISBN | 954-527-270-8 |
| -- | издат.: Дамян Яков |
| 040 ## - Източник на каталожния запис | |
| Идентификатор на билиотеката - собственик на записа | BLK |
| 041 ## - Код за език | |
| Код за езика на текст/звукозапис или на отделно заглавие | Български |
| Код за езика КДБФ | Български |
| 080 ## - УДК | |
| Текстов определител УДК | Английска литература |
| УДК код - определител по УДК | 821.111 |
| УДК определител | -93-32 |
| УДК - код + определител | 821.111-93-32 |
| 100 1# - Редна дума - Автор | |
| Автор | Карол, Луис |
| Авторска отговорност | първи автор |
| Автор - информация (биография) | Доджсон, Чарлз |
| R(LIN) | 247911 |
| 139 ## - Редно поле | |
| Редна дума | Карол, Луис |
| Авторски знак | Каро - К 42 |
| 245 10 - Сведения за заглавието | |
| Заглавие | Алиса в Огледалния свят или През огледалото и какво откри Алиса там |
| Редно поле (дума) | Луис Карол; прев. от англ. Светлана Николаева Комогорова; прев. Силвия Вълкова; ил. Джон Тениъл. |
| 250 ## - Област на изданието | |
| Сведения за изданието | 2. прераб. изд. |
| 257 ## - Страна на издаване | |
| Страна на създаване/издаване | Великобритания |
| 260 ## - Област на издателските данни | |
| -- | София |
| Име на издателя, разпространителя и проч. | Дамян Яков |
| Година на издаване | 2005 |
| Печатница | София : Симолини 94 |
| 300 ## - Физическа характеристика | |
| Страници | 160 с. |
| Илюстрации и др. | с ил. |
| Размери/Мащаб | 22 см |
| 380 ## - Жанр | |
| Жанр | Детска худож. лит. |
| 500 ## - Общи забележки | |
| Забележка | Ориг. загл. Through the Looking-Glass and what Alice found there / Lewis Carroll ; Кор. загл. Алиса в огледалния свят. - Луис Карол - псевд. на Чарлз Латуидж Доджсън. - 1. изд. 1996. |
| 653 ## - Ключова дума – ненормативна | |
| Ключова дума | приказни повести |
| 653 ## - Ключова дума – ненормативна | |
| Ключова дума | литература за деца |
| 653 ## - Ключова дума – ненормативна | |
| Ключова дума | детска литература |
| 700 ## - Други автори (авторска отговорност) | |
| Лично име | Комогорова, Светлана Николаева |
| 9 (RLIN) | 364272 |
| 700 1# - Други автори (авторска отговорност) | |
| Лично име | Вълкова, Силвия |
| Автороска отговорност (Описва отношението между автора и произведението) | прев. |
| 9 (RLIN) | 365576 |
| 700 1# - Други автори (авторска отговорност) | |
| Лично име | Тениъл, Джон |
| Автороска отговорност (Описва отношението между автора и произведението) | ил. |
| 9 (RLIN) | 128371 |
| 852 ## - Местоположение | |
| Форматна сигнатура | Цб 235762 |
| 856 4# - Електронен адрес и достъп | |
| Електронен формат | pdf - файл |
| Път до файла /url/ | |
| 856 4# - Електронен адрес и достъп | |
| Електронен формат | pdf - файл |
| Път до файла /url/ | |
| 942 ## - АРТИКУЛИ | |
| Вид на библиотечния материал | Книги |
| Скрит в OPAC | Не |
| Koha issues (borrowed), all copies | 7 |
| 944 ## - СЪЗДАВАНЕ И РЕДАКЦИЯ на ЗАПИСА | |
| Създаване/Редакция | Създаване |
| Дата на регистрацията/редакция | 29.08.2007 |
| Статус, дата на статуса | CRON CRON |
| Служител, извършил регистрацията/редакцията | |
| 944 ## - СЪЗДАВАНЕ И РЕДАКЦИЯ на ЗАПИСА | |
| Създаване/Редакция | Редакция |
| Дата на регистрацията/редакция | 10.06.2016 |
| Статус, дата на статуса | ф / |
| Служител, извършил регистрацията/редакцията | Людмила_Стоянова |
| 999 ## - СИСТЕМНИ КОНТРОЛНИ НОМЕРА | |
| Koha biblionumber | 73503 |
| Koha biblioitemnumber | 73503 |
| Код за отписване | Код за изгубен артикул | Код за повреда | Коз за рестрикции | Код за отдаване | Артикулен № | Име на библиотеката - собственик | Име на библиотеката, в която се намира в момента | Статус (Текущо местоположение) | Дата на вписване в системата | Местоположение - отдел | Цена в лева | Инвентарен номер | Систематично азбучна сигнатура | Баркод | Номер на екземпляра | Цена в евро | Служебна бележка | Служебен тип на артикула | Източник на класификационната схема |
|---|---|---|---|---|---|---|---|---|---|---|---|---|---|---|---|---|---|---|---|
| Не е изгубен | Не е повреден | без рестрикции | ползва се в читалня | 119371 | Регионална библиотека "Любен Каравелов" Русе | Регионална библиотека "Любен Каравелов" Русе | Хранилище | 2007-08-29 | Хранилище | 4.49 | 120000717203 | Цб 235762 | 120000717203 | 1 | 2.30 | Дост: Dp Вид: Д N: 18 Дата: 12.04.2007 | Книги | ||
| Не е изгубен | Не е повреден | без рестрикции | заемане за дома | 119372 | Регионална библиотека "Любен Каравелов" Русе | Регионална библиотека "Любен Каравелов" Русе | Детски отдел | 2013-04-05 | Детски отдел | 4.49 | 120000765596 | ДХ 820/899/К 42 | 120000765596 | 2 | 2.30 | Дост: DA Вид: А N: 4 Дата: 05.04.2013 Дата инв: 06.08.2015 Бележки инв: Д2015 | Книги | Universal Decimal Classification | |
| Не е изгубен | Не е повреден | без рестрикции | заемане за дома | 119373 | Регионална библиотека "Любен Каравелов" Русе | Регионална библиотека "Любен Каравелов" Русе | Детски отдел | 2016-01-19 | Детски отдел | 4.49 | 120000797055 | ДХ 820/899/К 42 | 120000797055 | 3 | 2.30 | Дост: DA Вид: А N: 1 Дата: 19.01.2016 | Книги |